A verbális manipuláció megjelenése a párkapcsolati kommunikációban

Bibliográfiai részletek
Szerző: Püski Henrietta
További közreműködők: Zelena Dr. habil András
Dokumentumtípus: TDK dolgozat
Kulcsszavak:gyakorlati pszichológia
pszichofiziológia
pszichológia
pszichológia siker
társadalompszichológia
Online Access:http://dolgozattar.uni-bge.hu/60520

MARC

LEADER 00000nta a2200000 i 4500
001 dolg60520
005 20260416073837.0
008 260416suuuu hu o 000 hun d
040 |a BGE Dolgozattár Repozitórium  |b hun 
041 |a hu 
100 1 |a Püski Henrietta 
245 1 2 |a A verbális manipuláció megjelenése a párkapcsolati kommunikációban  |c Püski Henrietta  |h [elektronikus dokumentum] 
516 |a Students_Scientific_Association_paper 
520 3 |a A verbális manipuláció megjelenése a párkapcsolati kommunikációban A kutatásom célja annak feltárása, hogyan jelenik meg a verbális manipuláció a párkapcsolati kommunikációban, milyen nyelvi és pszichológiai stratégiákkal próbálnak a partnerek hatni egymásra, és hogy ezek hogyan befolyásolják a kapcsolat minőségét. A párkapcsolati kommunikáció különösen érzékeny terepe a befolyásolásnak, hiszen a felek közötti érzelmi kötődés, függés és bizalom megkönnyíti a manipulatív technikák hatékonyságát. A párkapcsolatokban gyakran előfordulnak olyan kommunikációs helyzetek, ahol az egyik fél burkoltan irányítani, bűntudatot kelteni, vagy befolyásolni próbálja a másikat. Ezek a technikák gyakran nem tudatosak, de hosszú távon érzelmi terhet, alá-fölérendeltségi viszonyt és bizalomvesztést eredményezhetnek. A téma társadalmilag is aktuális, hiszen az érzelmi manipuláció és a pszichológiai bántalmazás egyre inkább a közbeszéd része, ugyanakkor a mindennapi kommunikáció szintjén még kevéssé feltárt. A kutatás elméleti hátterének megalapozásához több releváns szakirodalmat is felhasználtam, többek között Aczél Petra Neked van igazad?,Forgács József A társas érintkezés pszichológiája,valamint Paul Ekman Beszédes hazugságokés Leleplezett érzelmek című műveit. Megállapításom szerint a párkapcsolati kommunikációban a verbális manipuláció gyakran tudattalan nyelvi és pszichológiai stratégiák formájában jelenik meg, melyek hosszú távon jelentős hatást gyakorolnak a bizalomra és a kapcsolat minőségére. 
695 |a gyakorlati pszichológia 
695 |a pszichofiziológia 
695 |a pszichológia 
695 |a pszichológia siker 
695 |a társadalompszichológia 
700 1 |a Zelena Dr. habil András  |e ths 
856 4 0 |u http://dolgozattar.uni-bge.hu/60520/1/TDK%20dolgozat..pdf  |z Dokumentum-elérés 
856 4 0 |u http://dolgozattar.uni-bge.hu/60520/2/TDK%20dolgozat%20Rez%C3%BCm%C3%A9.pdf  |z Dokumentum-elérés 
856 4 0 |u http://dolgozattar.uni-bge.hu/60520/3/TDK%20dolgozat%20Rez%C3%BCm%C3%A9.docx  |z Dokumentum-elérés 
856 4 0 |u http://dolgozattar.uni-bge.hu/60520/4/TDK%20dolgozat%20szerz%C5%91i%20hozz%C3%A1j%C3%A1rul%C3%A1s.pdf  |z Dokumentum-elérés 
856 4 0 |u http://dolgozattar.uni-bge.hu/60520/5/PUSKI%20HENRIETTA_TDK%20dolgozat%20b%C3%ADr%C3%A1lata%202025.pdf  |z Dokumentum-elérés 
856 4 0 |u http://dolgozattar.uni-bge.hu/60520/6/P%C3%BCski%20Henrietta_b%C3%ADr%C3%A1lat_tdk_2025.pdf  |z Dokumentum-elérés